Welcome to the Holygrace Academy Library

Please use search bar below to get started

REIGNITED (Record no. 5535)

MARC details
000 -LEADER
fixed length control field 00352nam a22001577a 4500
020 ## - INTERNATIONAL STANDARD BOOK NUMBER
ISBN 978-0-143-33354-8
082 ## - DEWEY DECIMAL CLASSIFICATION NUMBER
Classification number 158
Item number APJ/R
100 ## - MAIN ENTRY--AUTHOR NAME
Personal name ABDULKALAM ,APJ
100 ## - MAIN ENTRY--AUTHOR NAME
Personal name SRIJAN PAL SINGH
245 ## - TITLE STATEMENT
Title REIGNITED
250 ## - EDITION STATEMENT
Edition statement FIRST
260 ## - PUBLICATION, DISTRIBUTION, ETC. (IMPRINT)
Place of publication LONDON
Name of publisher PENGUIN BOOKS
300 ## - PHYSICAL DESCRIPTION
Number of Pages 257
650 ## - SUBJECT ADDED ENTRY--TOPICAL TERM
Topical Term HISTORY & FUTURE VISION
Geographic subdivision LONDON
942 ## - ADDED ENTRY ELEMENTS (KOHA)
Koha item type Books
Holdings
Withdrawn status Lost status Collection code Home library Current library Shelving location Date acquired Source of acquisition Full call number Accession Number Koha item type
    Non-fiction Main Library Main Library SHELF-17-I-BIOGRAPHIES & AUTOBIOGRAPHIES 30/11/2015 PURCHASE 158 APJ/R 09593 Books